| 000 | 00400nam a22001697a 4500 | ||
|---|---|---|---|
| 003 | OSt | ||
| 005 | 20211217134803.0 | ||
| 008 | 211217b |||||||| |||| 00| 0 eng d | ||
| 020 | _a139780321939654 | ||
| 040 | _cHU | ||
| 082 | _a330.9JOH2015 | ||
| 100 |
_aXXVI568P IN-34 _923308 |
||
| 245 | _aWorld Regional Geography | ||
| 260 | _c2015 | ||
| 300 |
_axxviii569p _bpc _c30cm |
||
| 942 |
_2ddc _cBOOKS _n0 |
||
| 999 |
_c22755 _d22755 |
||